000 00547 a2200181 4500
003 Nust
005 20201230143409.0
038 _aAttaullah
040 _cNust
082 _a005.1
100 _aHussain Muhammad Ishfaq (MSCS-21)
_935548
245 _aLONG SHORT TERM MEMORY (LSTM) NEURAL NODES FOR SPATIO TEMPORAL ANALYSIS FOR DISTRACTOR SEQUENCE RECALL TASK /
_cMuhammad Ishfaq Hussain
260 _aRawalpindi
_bMCS,NUST
_cMarch-2016
300 _ax, 34
650 _aPG Thesis MSCS
_935549
651 _aMSCS-21
_935550
942 _cTHE
_2ddc
999 _c218046
_d218046